Statistics for Biology A Level Biodiversity (Easy)

Click here to take the quiz!

General Stats

  • This quiz has been taken 28 times
  • The average score is 4 of 14

Answer Stats

HintAnswer% Correct
Organelle identified in 1897 and named after its Italian scientist discoverer; involved in modifying, sorting and packaging of proteinsGolgi Apparatus
62%
Cells that fill with water in a leaf to open the stomaGuard Cells
57%
The process by which water is lost as vapour from the aerial parts of plantsTranspiration
52%
Largest subsection of classificationDomain
33%
Only native to one region in the WorldEndemic
29%
Bonds formed between cellulose layers to form microfibrilsHydrogen Bonds
29%
Name of protein used in facilitated diffusionChannel Protein
24%
Type of mesophyll found in the leaf that contains chloroplastPalisade Mesophyll
19%
A narrow thread of cytoplasm that passes through the cell walls of adjacent plant cells and allows communication between themPlasmodesmata
19%
Name of the sacs/folds found on organelles such as the RERCisternae
14%
Gel-like middle layer of the cell wall, made of calcium pectateMiddle Lamella
14%
Main 'ingredient' of mesophyllParenchyma
5%
Tissue that provides mechanical stiffness and strengthSclerenchyma
5%
Candycorn shaped grouping of vessels found towards the outside of the stemVascular Bundle
5%

Score Distribution

Percentile by Number Answered

Percent of People with Each Score

Your Score History

You have not taken this quiz